Química analítica cualitativa

Gorde:
Xehetasun bibliografikoak
Egile Nagusiak: Burriel Martí, Fernando (Egilea), Lucena Conde, Felipe (Egilea), Arribas Jimeno, Siro (Egilea), Hernández Méndez, Jesús (Egilea)
Formatua: Liburua
Hizkuntza:gaztelania
Argitaratua: Madrid Paraninfo 1985
Gaiak:
Etiketak: Etiketa erantsi
Etiketarik gabe, Izan zaitez lehena erregistro honi etiketa jartzen!

MARC

LEADER 00000nam a2200000 a 4500
001 UCW8542
003 CL-VaPUC
008 880929e19850000SP |||||||||||||||||spa|d
020 |a 8497321405 
082 0 4 |a 544  |b BUR  |2 21 
100 |a Burriel Martí, Fernando  |e author  |9 313745 
700 0 |a Lucena Conde, Felipe  |e author  |9 313746 
700 0 |a Arribas Jimeno, Siro  |e author  |9 313747 
700 0 |a Hernández Méndez, Jesús  |e author  |9 313748 
245 1 0 |a Química analítica cualitativa 
300 |a 1050 p 
942 |c BK 
945 |d 19880929 00:00:00 
260 |a Madrid  |b Paraninfo  |c 1985 
650 7 |a QUIMICA ANALITICA CUALITATIVA  |2 CL-VaPUC  |9 313749 
583 |a last modification  |c 20171031 11:00:05  |k Rodrigo Vera 
999 |c 220885  |d 220883 
952 |0 0  |1 0  |4 0  |6 544_000000000000000_BUR_1985  |7 0  |8 A  |9 213653  |a BIBCUR  |b BIBCUR  |d 2019-11-15  |i 3968367  |l 3  |o 544 BUR 1985  |p 3968367  |r 2025-04-22  |s 2020-10-22  |w 2019-11-15  |y BK  |k BCB